Gminy powiatu suskiego - Statystyki

Ogólne statystyki
  • Ten quiz został rozwiązany 66 razy
  • Średni wynik to 6 z 9
Statystyki odpowiedzi
Gmina Odpowiedź % Poprawnych
Miejska Sucha Beskidzka
92%
Miejsko-wiejska Maków Podhalański
86%
Wiejska Zawoja
83%
Wiejska Budzów
78%
Wiejska Jordanów
78%
Wiejska Zembrzyce
64%
Wiejska Stryszawa
56%
Wiejska Bystra-Sidzina
53%
Miejska Jordanów Miasto
25%
Nie znaleziono quizów pasujących do podanych kryteriów
Rozkład punktacji
Procent ludzi z każdym wynikiem
Percentyl według liczby udzielonych odpowiedzi
Twoja historia wyników
Nie rozwiązałeś tego quizu